| 000 -LEADER |
| fixed length control field |
01569 a2200289 4500 |
| 003 - CONTROL NUMBER IDENTIFIER |
| control field |
Nust |
| 005 - DATE AND TIME OF LATEST TRANSACTION |
| control field |
20170207154023.0 |
| 010 ## - LIBRARY OF CONGRESS CONTROL NUMBER |
| LC control number |
2008022483 |
| 020 ## - INTERNATIONAL STANDARD BOOK NUMBER |
| International Standard Book Number |
9780898716559 |
| 040 ## - CATALOGING SOURCE |
| Transcribing agency |
Nust |
| 082 00 - DEWEY DECIMAL CLASSIFICATION NUMBER |
| Classification number |
519.2/3 |
| 100 1# - MAIN ENTRY--PERSONAL NAME |
| Personal name |
Speyer, Jason Lee. |
| 245 10 - TITLE STATEMENT |
| Title |
Stochastic processes, estimation, and control-(E-BOOK) |
| Statement of responsibility, etc. |
Jason L. Speyer, Walter H. Chung. |
| 250 ## - EDITION STATEMENT |
| Edition statement |
1st ed. |
| 260 ## - PUBLICATION, DISTRIBUTION, ETC. |
| Place of publication, distribution, etc. |
Philadelphia : |
| Name of publisher, distributor, etc. |
Society for Industrial and Applied Mathematics, |
| Date of publication, distribution, etc. |
c2008. |
| 300 ## - PHYSICAL DESCRIPTION |
| Extent |
xiv, 383 p. : |
| Other physical details |
ill. (some col.) ; |
| Dimensions |
26 cm. |
| 490 0# - SERIES STATEMENT |
| Series statement |
Advances in design and control ; |
| Volume/sequential designation |
17 |
| 505 0# - FORMATTED CONTENTS NOTE |
| Formatted contents note |
Probability theory -- Random variables and stochastic processes -- Conditional expectations and discrete-time Kalman filtering -- Least squares, the orthogonal projection Lemma, and discrete-time Kalman filtering -- Stochastic processes and stochastic calculus -- Continuous-time Guass-Markov systems -- The extended Kalman filter -- A selection of results from estimation theory -- Stochastic control and linear quadratic Guassian control problem -- Linear exponential Guassian control and estimation. |
| 650 #0 - SUBJECT ADDED ENTRY--TOPICAL TERM |
| Topical term or geographic name entry element |
Control theory. |
| 650 #0 - SUBJECT ADDED ENTRY--TOPICAL TERM |
| Topical term or geographic name entry element |
Estimation theory. |
| 650 #0 - SUBJECT ADDED ENTRY--TOPICAL TERM |
| Topical term or geographic name entry element |
Stochastic processes. |
| 651 ## - SUBJECT ADDED ENTRY--GEOGRAPHIC NAME |
| Geographic name |
E-BOOK |
| 700 1# - ADDED ENTRY--PERSONAL NAME |
| Personal name |
Chung, Walter H., |
| Dates associated with a name |
1968- |
| 856 41 - ELECTRONIC LOCATION AND ACCESS |
| Materials specified |
Contributor biographical information |
| Uniform Resource Identifier |
<a href="http://www.loc.gov/catdir/enhancements/fy0916/2008022483-b.html">http://www.loc.gov/catdir/enhancements/fy0916/2008022483-b.html</a> |
| 856 41 - ELECTRONIC LOCATION AND ACCESS |
| Materials specified |
Publisher description |
| Uniform Resource Identifier |
<a href="http://www.loc.gov/catdir/enhancements/fy0916/2008022483-d.html">http://www.loc.gov/catdir/enhancements/fy0916/2008022483-d.html</a> |
| 856 41 - ELECTRONIC LOCATION AND ACCESS |
| Materials specified |
Table of contents only |
| Uniform Resource Identifier |
<a href="http://www.loc.gov/catdir/toc/ecip0819/2008022483.html">http://www.loc.gov/catdir/toc/ecip0819/2008022483.html</a> |
| 942 ## - ADDED ENTRY ELEMENTS (KOHA) |
| Source of classification or shelving scheme |
|
| Koha item type |
Book |